Một số vấn đề về lí luận quản lí nhà nươc T.1
Salvato in:
| Autore principale: | |
|---|---|
| Altri autori: | |
| Natura: | Libro |
| Pubblicazione: |
Tp. Hồ Chí Minh
Nxb Tp. Hồ Chí Minh
1982
|
| Soggetti: | |
| Tags: |
Aggiungi Tag
Nessun Tag, puoi essere il primo ad aggiungerne! !
|
| Thư viện lưu trữ: | Trung tâm Học liệu Lê Vũ Hùng, Trường Đại học Đồng Tháp |
|---|
| LEADER | 00888pam a22002418a 4500 | ||
|---|---|---|---|
| 001 | 00022517 | ||
| 005 | 20171026081023.0 | ||
| 008 | 110531s1982 ||||||Viesd | ||
| 041 | 0 | # | |a Vie |
| 082 | 1 | # | |a 371.2 |b M458S |
| 100 | 0 | # | |a Hoàng Chúng |
| 245 | 0 | 0 | |a Một số vấn đề về lí luận quản lí nhà nươc |c Hoàng Chúng, Phạm Thanh Liêm |n T.1 |
| 260 | # | # | |a Tp. Hồ Chí Minh |b Nxb Tp. Hồ Chí Minh |c 1982 |
| 300 | # | # | |a 108 tr. |c 21 cm. |
| 500 | # | # | |a ĐTTS ghi: Trường cán bộ quản lí & nghiệp vụ - Bộ giáo dục |
| 653 | # | # | |a Giáo dục |
| 653 | # | # | |a Lí luận |
| 653 | # | # | |a Quản lí |
| 700 | 0 | # | |a Tp. Hồ Chí Minh |
| 852 | # | # | |b Kho đọc |j KD.0009507 |
| 852 | # | # | |j KD.0009507 |
| 910 | # | # | |a Đức |d 31/05/2011 |
| 980 | # | # | |a Trung tâm Học liệu Lê Vũ Hùng, Trường Đại học Đồng Tháp |